logo

Bir Sreshtho Munshi Abdur Rouf Library
Jhenaidah Cadet College

Child psychology; behavior and development / (Record no. 4929)

MARC details
000 -LEADER
fixed length control field 00843cam a2200289 4500
001 - CONTROL NUMBER
JCCL Control Number 4929
003 - CONTROL NUMBER IDENTIFIER
JCCL marc code BD-JhCC
005 - DATE AND TIME OF LATEST TRANSACTION
control field 20171209193050.0
008 - FIXED-LENGTH DATA ELEMENTS--GENERAL INFORMATION
fixed length control field 731226s1974 nyua b 001 0 eng
020 ## - INTERNATIONAL STANDARD BOOK NUMBER
International Standard Book Number 0471446246
035 ## - SYSTEM CONTROL NUMBER
system control number (BD-JhCC)4929
040 ## - CATALOGING SOURCE
Original cataloging agency DLC
Transcribing agency DLC
Modifying agency DLC
-- BD-JhCC
041 ## - LANGUAGE CODE
Language code of Book eng
050 00 - LIBRARY OF CONGRESS CALL NUMBER
Classification number BF721
Item number .J53 1974
060 ## - NATIONAL LIBRARY OF MEDICINE CALL NUMBER
Classification number WS105 J68c 1974
082 00 - DEWEY DECIMAL CLASSIFICATION NUMBER
Classification number 155.4
Author mark and Year JOH 1974
100 1# - MAIN ENTRY--PERSONAL NAME
Personal name Johnson, Ronald C.
Fuller form of name (Ronald Charles)
245 10 - TITLE STATEMENT
Title Child psychology; behavior and development /
Statement of responsibility, etc [by] Ronald C. Johnson [and] Gene R. Medinnus.
250 ## - EDITION STATEMENT
Edition statement 3rd ed.
260 ## - PUBLICATION, DISTRIBUTION, ETC. (IMPRINT)
Place of publication, distribution, etc New York,
Name of publisher, distributor, etc Wiley
Date of publication, distribution, etc [1974]
300 ## - PHYSICAL DESCRIPTION
Pagination xiv, 562 p.
Other physical details illus.
Dimensions 26 cm.
504 ## - BIBLIOGRAPHY, ETC. NOTE
Bibliography, etc Includes bibliographies.
650 #0 - SUBJECT ADDED ENTRY--TOPICAL TERM
Topical term or geographic name as entry element Child psychology.
650 #2 - SUBJECT ADDED ENTRY--TOPICAL TERM
Topical term or geographic name as entry element Child psychology.
700 1# - ADDED ENTRY--PERSONAL NAME
Personal name Medinnus, Gene Roland,
942 ## - ADDED ENTRY ELEMENTS (KOHA)
Source of classification or shelving scheme Dewey Decimal Classification
Koha item type Books
Holdings
Source of classification or shelving scheme Damaged status Not for loan Home library Current library Shelving location Total Checkouts Full call number Barcode Date last seen Copy number Koha item type
Dewey Decimal Classification     JCC Rouf Library JCC Rouf Library General Stacks   155.4 JOH 1974 6440 12/05/2017 C-1 Books

JCC Library | Contacts | JCC Home

Last Update on 23 September 2017
Copyright @ 2017-2020 JCC Rouf Library
Rouf Library, Jhenidah Cadet College (JCC), Bangladesh